000
00190 a2200097 4500
020
_a
9781558854932
041
_a
spa
100
_a
Gwendolyn Zepeda
245
_a
Loa tamales de Ana
942
_c
BK
999
_c
4572
_d
4572